(31) - 50 villes les plus peuplées de la Haute-Garonne (31) - Statistiques

Statistiques générales
  • Ce quiz a été pris 27 fois
  • Le résultat moyen est 24 sur 50
Statistiques - réponses
nombre d'habitant ville % Correct
514 819 Toulouse
100%
27 604 Blagnac
92%
40 882 Colomiers
88%
26 079 Muret
88%
12 139 Saint-Gaudens
83%
30 168 Tournefeuille
83%
17 772 Balma
79%
12 638 L'Union
75%
20 662 Cugnaux
67%
15 317 Castanet-Tolosan
63%
15 158 Ramonville-Saint-Agne
63%
10 456 Auterive
58%
9 782 Portet-sur-Garonne
58%
5 563 Carbonne
54%
11 271 Castelginest
54%
9 062 Grenade
54%
21 079 Plaisance-du-Touch
54%
9 623 Aucamville
50%
12 954 Fonsorbes
50%
11 044 Villeneuve-Tolosane
50%
9 945 Léguevin
46%
10 539 Seysses
46%
7 003 Castelnau-d'Estrétefonds
42%
5 784 Fenouillet
42%
11 261 Saint-Jean
42%
5 072 Villefranche-de-Lauragais
42%
7 997 Aussonne
38%
8 978 Cornebarrieu
38%
8 662 Saint-Jory
38%
14 646 Saint-Orens-de-Gameville
38%
6 345 Villemur-sur-Tarn
38%
6 539 Eaunes
33%
6 671 Fronton
33%
9 805 Frouzins
33%
6 585 Labarthe-sur-Lèze
33%
9 173 Launaguet
33%
6 760 Merville
33%
8 977 Pibrac
33%
9 762 Revel
33%
9 892 Saint-Lys
33%
8 713 Beauzelle
29%
6 202 Bruguières
29%
8 511 La Salvetat-Saint-Gilles
29%
5 436 Roques
29%
6 534 Saint-Alban
29%
6 924 Escalquens
25%
6 133 Quint-Fonsegrives
21%
5 906 Fontenilles
17%
6 060 Mondonville
17%
4 922 Pechbonnieu
17%
Aucun quiz correspondant
Distribution des résultats
% des personnes avec chaque résultat
Percentile par nombre de réponses
Votre historique - résultats
Vous n’avez pas pris ce quiz